<?xml version="1.0" encoding="UTF-8"?><?xml-stylesheet type="text/xsl" href="static/style.xsl"?><OAI-PMH xmlns="http://www.openarchives.org/OAI/2.0/" xmlns:xsi="http://www.w3.org/2001/XMLSchema-instance" xsi:schemaLocation="http://www.openarchives.org/OAI/2.0/ http://www.openarchives.org/OAI/2.0/OAI-PMH.xsd"><responseDate>2026-04-28T01:58:06Z</responseDate><request verb="GetRecord" identifier="oai:uvadoc.uva.es:10324/425" metadataPrefix="marc">https://uvadoc.uva.es/oai/request</request><GetRecord><record><header><identifier>oai:uvadoc.uva.es:10324/425</identifier><datestamp>2022-03-16T08:22:02Z</datestamp><setSpec>com_10324_150</setSpec><setSpec>col_10324_151</setSpec></header><metadata><record xmlns="http://www.loc.gov/MARC21/slim" xmlns:doc="http://www.lyncode.com/xoai" xmlns:xsi="http://www.w3.org/2001/XMLSchema-instance" xmlns:dcterms="http://purl.org/dc/terms/" xsi:schemaLocation="http://www.loc.gov/MARC21/slim http://www.loc.gov/standards/marcxml/schema/MARC21slim.xsd">
<leader>00925njm 22002777a 4500</leader>
<datafield tag="042" ind1=" " ind2=" ">
<subfield code="a">dc</subfield>
</datafield>
<datafield tag="720" ind1=" " ind2=" ">
<subfield code="a">[s.n.]</subfield>
<subfield code="e">author</subfield>
</datafield>
<datafield tag="024" ind2=" " ind1="8">
<subfield code="a">Alonso-Cortés, 267</subfield>
</datafield>
<datafield tag="024" ind2=" " ind1="8">
<subfield code="a">Rivera, 233</subfield>
</datafield>
<datafield tag="024" ind2=" " ind1="8">
<subfield code="a">Olim., 115</subfield>
</datafield>
<datafield tag="024" ind2=" " ind1="8">
<subfield code="a">http://uvadoc.uva.es/handle/10324/425</subfield>
</datafield>
<datafield tag="024" ind2=" " ind1="8">
<subfield code="a">b1513666</subfield>
</datafield>
<datafield tag="024" ind2=" " ind1="8">
<subfield code="a">U/Bc Ms 267</subfield>
</datafield>
<datafield ind1=" " ind2=" " tag="653">
<subfield code="a">Cobos, Manuel de los, Marqués de Camarasa</subfield>
</datafield>
<datafield ind1=" " ind2=" " tag="653">
<subfield code="a">España - Política y gobierno - Siglo XVII - Fuentes</subfield>
</datafield>
<datafield ind1=" " ind2=" " tag="653">
<subfield code="a">Montserrat y Ciurana, Andrés de</subfield>
</datafield>
<datafield ind1=" " ind2=" " tag="653">
<subfield code="a">Cerdeña (Italia) - Política y gobierno - Siglo XVII - Fuentes</subfield>
</datafield>
<datafield ind1=" " ind2=" " tag="653">
<subfield code="a">España - Relaciones exteriores - Italia - Papado - Siglo XVII</subfield>
</datafield>
<datafield ind1=" " ind2=" " tag="653">
<subfield code="a">Monterrey, Conde de</subfield>
</datafield>
<datafield ind1=" " ind2=" " tag="653">
<subfield code="a">España-Relaciones exteriores - Países Bajos - Siglo XVII</subfield>
</datafield>
<datafield ind1=" " ind2=" " tag="653">
<subfield code="a">Osera, Casa del Marqués de - Mayorazgo - Siglo XVII</subfield>
</datafield>
<datafield ind1=" " ind2=" " tag="653">
<subfield code="a">Castelseras (Teruel, España) - Divisiones políticas y administrativas - Siglo XVII</subfield>
</datafield>
<datafield ind1=" " ind2=" " tag="653">
<subfield code="a">Lorena, Carlos de, Duque</subfield>
</datafield>
<datafield ind1=" " ind2=" " tag="653">
<subfield code="a">Mallorca (Reino) - Siglo XVII - Fuentes</subfield>
</datafield>
<datafield ind1=" " ind2=" " tag="653">
<subfield code="a">Richelieu, Armand Jean du Plessis, Cardinal-duc de (1585-1642)</subfield>
</datafield>
<datafield ind1=" " ind2=" " tag="653">
<subfield code="a">Mazarino, Giulio, Cardenal (1602-1661)</subfield>
</datafield>
<datafield ind1=" " ind2=" " tag="653">
<subfield code="a">Austria, Juan José de (1629-1679)</subfield>
</datafield>
<datafield ind1=" " ind2=" " tag="653">
<subfield code="a">Consejo de Aragón (España) - historia - Siglo XVII-Fuentes</subfield>
</datafield>
<datafield ind1=" " ind2=" " tag="653">
<subfield code="a">Comercio - España - Alicante - Siglo XVII</subfield>
</datafield>
<datafield ind1=" " ind2=" " tag="653">
<subfield code="a">Delitos contra la persona - Italia - Cerdeña - Siglo XVII</subfield>
</datafield>
<datafield ind1=" " ind2=" " tag="653">
<subfield code="a">Confesión - Iglesia Católica</subfield>
</datafield>
<datafield ind1=" " ind2=" " tag="653">
<subfield code="a">Conventos - España - Valencia - Usos y costumbres- Siglo XVII</subfield>
</datafield>
<datafield ind1=" " ind2=" " tag="653">
<subfield code="a">Moneda - Italia - Cerdeña - Siglo XVII</subfield>
</datafield>
<datafield tag="245" ind1="0" ind2="0">
<subfield code="a">[Varios papeles curiosos] [Manuscrito]</subfield>
</datafield>
</record></metadata></record></GetRecord></OAI-PMH>